| Поле | Инд. | ПП | Название | Значение |
|---|---|---|---|---|
| Тип записи | a | |||
| Библиографический уровень | m | |||
| 001 | Контрольный номер | 61bcad1d-62a4-460e-97b2-e786eb3dd9b0 | ||
| 005 | Дата корректировки | 20131112052949.3 | ||
| 008 | Кодируемые данные | 981124 d | ||
| 020 | a | ISBN | 5-7245-0654-8 | |
| c | Цена, тираж | 21.50 | ||
| 040 | a | Служба первич. каталог. | НБ ТвГУ | |
| 041 | a | Код языка текста | rus | |
| 080 | a | Индекс УДК | 541.49 | |
| 084 | a | Индекс другой классификации/Индекс ББК | Г116.6 | |
| 090 | c | Каталожный индекс | Г116.6 | |
| x | Авторский знак | К68 | ||
| a | Полочн. индекс | Г116.6 | ||
| 100 | 1_ | a | Автор | Корольков Дмитрий Васильевич |
| 245 | 0_ | a | Заглавие | Электронное строение и свойства соединений непереходных элементов |
| b | Продолж. заглавия | Введ. в теорет. химию | ||
| c | Ответственность | Д.В. Корольков | ||
| 260 | 0_ | a | Место издания | СПб |
| b | Издательство | Химия. С.-Петерб. отд-ние | ||
| c | Дата издания | 1992 | ||
| 300 | a | Объем | 311,[1] с. | |
| b | Иллюстрации/ тип воспроизводства | ил. | ||
| 504 | a | Библиография | Библиогр.: с.306-312. | |
| 583 | a | Действие | Получение впервые 409 06.08.98 | |
| k | Исполнитель действия | Дар Королькова Д.В. | ||
| 583 | a | Действие | Приписка 561 19.11.98 | |
| k | Исполнитель действия | Дар Папулова Ю.Г. | ||
| 650 | a | Основная рубрика | Комплексные соединения | |
| x | Основная подрубрика | Строение и свойства | ||
| 653 | a | Ключевые слова | Комплексные соединения | |
| a | Ключевые слова | Непереходные элементы | ||
| a | Ключевые слова | Соединения непереходных элементов | ||
| a | Ключевые слова | Координационные соединения | ||
| a | Ключевые слова | Неорганические соединения | ||
| a | Ключевые слова | Строение комплексных соединений | ||
| 852 | t | Порядковый номер экземпляра | 2 | |
| p | Инвентарный номер | 699019 | ||
| p | Инвентарный номер | 702311 | ||
| 888 | a | Бесплатные | ||
| 952 | p | 409.98 21.50 1 699019 | ||
| p | 561.98 21.50 1 702311 | |||
| c | Вид литературы | К рн | ||
| 954 | a | Дата поступления на обработку | 19980806 | |
| 999 | a | Подразделение 2 | Фил3 |